Flowers and their messages : (Record no. 78067)

MARC details
000 -LEADER
fixed length control field 00599nam a22002057a 4500
005 - DATE AND TIME OF LATEST TRANSACTION
control field 20130913123122.0
008 - FIXED-LENGTH DATA ELEMENTS--GENERAL INFORMATION
fixed length control field 130725b xxu||||| |||| 00| 0 eng d
010 ## - LCCN (DPL NO)
LC control number ENG-108146
020 ## - INTERNATIONAL STANDARD BOOK NUMBER
International Standard Book Number 9788170589266
Terms of availability 240.00
035 ## - SYSTEM CONTROL NUMBER
System control number EN-91679
037 ## - SOURCE OF ACQUISITION
Source of stock number/acquisition DBAD/PUB
040 ## - CATALOGING SOURCE
Original cataloging agency DPL
Language of cataloging ENG
082 ## - DEWEY DECIMAL CLASSIFICATION NUMBER
Classification number 181.499
100 ## - MAIN ENTRY--PERSONAL NAME
Personal name
245 ## - TITLE STATEMENT
Title Flowers and their messages :
Remainder of title the mother /
260 ## - PUBLICATION, DISTRIBUTION, ETC. (IMPRINT)
Place of publication, distribution, etc Pondicherry
Name of publisher, distributor, etc Sri Aurobindo Ashram
Date of publication, distribution, etc 2013
270 ## - ADDRESS
Address Sri Aurobindo Ashram
City Pondicherry
Postal code 605002
300 ## - PHYSICAL DESCRIPTION
Extent xix,312p. :
Dimensions 24cm(pbk)
Other physical details ill.
942 ## - ADDED ENTRY ELEMENTS (KOHA)
Source of classification or shelving scheme Dewey Decimal Classification
Item type English Books
Call number suffix FLO
Classification part 181.499
Holdings
Withdrawn status Lost status Source of classification or shelving scheme Damaged status Not for loan Collection code Home library Current library Date acquired Source of acquisition Cost, normal purchase price Total Checkouts Full call number Barcode Date last seen Copy number Cost, replacement price Koha item type
    Dewey Decimal Classification   Not For Loan Non-fiction D.B.Act.Division D.B.Act.Division 25/07/2013 DBAD/PUB 240.00   181.499 FLO EN-91679 25/07/2013 1 240.00 English Books

© Delhi Public Library
Hit Counter
free hit counter